000 00638cam a2200253 4500
008 090401t1991 xxu||||| |||| 00| 0 eng d
020 _a0414009592
035 _a(Sirsi) u63686
041 _aeng
050 _a346.411043
100 _aMiller, Kenneth
245 _aProperty.
260 _aEdinburgh
_bW. Green Sweet & Maxwell
_c1991
300 _axxiv,206p. ; 22cm.
350 _a26
490 _aGreens Concise Scots Law
520 _aCover title: Property Law.
650 _aPROPERTY LAW
650 _aSCOTLAND
690 _aPROPERTY LAW AND PRACTICE
700 _aRobson, Peter
942 _n0
948 _c04/03/1997
999 _c94595
_d94595